LEADER 03093oam 22006614a 450 001 9910778539203321 005 20190503073351.0 010 $a1-282-69455-3 010 $a9786612694554 010 $a1-61583-234-3 010 $a0-262-25890-0 035 $a(CKB)1000000000816274 035 $a(EBL)3339085 035 $a(OCoLC)743201387 035 $a(SSID)ssj0000331978 035 $a(PQKBManifestationID)11266603 035 $a(PQKBTitleCode)TC0000331978 035 $a(PQKBWorkID)10331078 035 $a(PQKB)10005601 035 $a(StDuBDS)EDZ0000130684 035 $a(MiAaPQ)EBC3339085 035 $a(OCoLC)471876010$z(OCoLC)555793176$z(OCoLC)643588841$z(OCoLC)646839584$z(OCoLC)748590941$z(OCoLC)816568690$z(OCoLC)880214746$z(OCoLC)961501472$z(OCoLC)962579715$z(OCoLC)988485185$z(OCoLC)991954830$z(OCoLC)1055332931$z(OCoLC)1062890940$z(OCoLC)1081277161 035 $a(OCoLC-P)471876010 035 $a(MaCbMITP)8194 035 $a(Au-PeEL)EBL3339085 035 $a(CaPaEBR)ebr10340968 035 $a(CaONFJC)MIL269455 035 $a(PPN)170249603 035 $a(EXLCZ)991000000000816274 100 $a20090217d2010 uy 0 101 0 $aeng 135 $aur|n||||||||| 181 $ctxt 182 $cc 183 $acr 200 00$aControl theory and systems biology /$fedited by Pablo A. Iglesias and Brian P. Ingalls 210 $aCambridge, Mass. $cMIT Press$dİ2010 215 $a1 online resource (359 p.) 300 $aDescription based upon print version of record. 311 $a0-262-01334-7 320 $aIncludes bibliographical references and index. 327 $aContents; Preface; 1 A Primer on Control Engineering; 2 Modeling and Analysis of Stochastic Biochemical Networks; 3 Spatial Modeling; 4 Quantifying Properties of Cell Signaling Cascades; 5 Control Strategies in Times of Adversity; 6 Synthetic Biology; 7 Graphs and the Dynamics of Biochemical Networks; 8 A Control-Theoretic Interpretation of Metabolic Control Analysis; 9 Robustness and Sensitivity Analyses in Cellular Networks; 10 Structural Robustness of Biochemical Networks; 11 Robustness of Oscillations in Biological Systems; 12 A Theory of Approximation for Stochastic Biochemical Processes 327 $a13 System-Theoretic Approaches to Network Reconstruction 14 Identification of Biochemical Reaction Networks Using a Parameter-Free Coordinate System; References; Contributors; Index 330 8 $aThis is a survey of how engineering techniques from control and systems theory can be used to help biologists understand the behaviour of cellular systems. 606 $aBiological control systems 606 $aControl theory 610 $aBIOMEDICAL SCIENCES/General 615 0$aBiological control systems. 615 0$aControl theory. 676 $a571.7 701 $aIglesias$b Pablo A.$f1964-$01358766 701 $aIngalls$b Brian P.$f1974-$0719377 801 0$bOCoLC-P 801 1$bOCoLC-P 906 $aBOOK 912 $a9910778539203321 996 $aControl theory and systems biology$93838004 997 $aUNINA LEADER 01433nas 2200421-a 450 001 9910894372703321 005 20260218110748.0 035 $a(OCoLC)664623784 035 $a(CKB)2670000000027735 035 $a(CONSER)--2011262003 035 $a(DE-599)ZDB2590501-6 035 $a(DE-599)2590501-6 035 $a(EXLCZ)992670000000027735 100 $a20100809a20109999 --- - 101 0 $aeng 135 $aur|n||||||||| 181 $ctxt$2rdacontent 182 $cc$2rdamedia 183 $acr$2rdacarrier 200 00$aInternational journal of civil and structural engineering 210 $a[India] $cIntegrated Publishing Assoc.$d[2010]- 300 $aRefereed/Peer-reviewed 311 08$a0976-4399 517 1 $aI. journal of civil and structural engineering 517 1 $aIJCSE 606 $aCivil engineering$xResearch$vPeriodicals 606 $aStructural engineering$xResearch$vPeriodicals 606 $aCivil engineering$xResearch$2fast$3(OCoLC)fst00862515 606 $aStructural engineering$xResearch$2fast$3(OCoLC)fst01135671 608 $aPeriodicals.$2fast 615 0$aCivil engineering$xResearch 615 0$aStructural engineering$xResearch 615 7$aCivil engineering$xResearch. 615 7$aStructural engineering$xResearch. 906 $aJOURNAL 912 $a9910894372703321 996 $aInternational journal of civil and structural engineering$94257582 997 $aUNINA